Les pays en dictature en 2024 - Statistiques

Statistiques générales
  • Ce quiz a été pris 896 fois
  • Le résultat moyen est 37 sur 59
Statistiques - réponses
Indice de Démocratie Pays % Correct
0.07 Corée du Nord
96%
0.20 Russie
95%
0.13 République Populaire de Chine
91%
0.19 Iran
84%
0.26 République démocratique du Congo
82%
0.02 Afghanistan
80%
0.35 Irak
80%
0.29 République du Congo
80%
0.34 Algérie
78%
0.09 Syrie
77%
0.13 Arabie Saoudite
75%
0.11 Soudan
75%
0.27 Égypte
74%
0.48 Maroc
74%
0.14 Bielorussie
73%
0.13 Turkménistan
72%
0.12 Yémen
72%
0.11 Somalie
71%
0.14 Libye
69%
0.19 Mali
69%
0.33 Kazakhstan
68%
0.21 Ouzbékistan
68%
0.25 Qatar
68%
0.22 Émirats arabes unis
67%
0.06 Soudan du Sud
67%
0.18 Venezuela
67%
0.29 Oman
66%
0.20 Cuba
65%
0.15 Tadjikistan
65%
0.11 Erythrée
64%
0.11 Tchad
63%
0.33 Éthiopie
62%
0.21 Azerbaïdjan
61%
0.38 Liban
61%
0.26 Viêt Nam
61%
0.15 Laos
60%
0.40 Mauritanie
60%
0.32 Rwanda
60%
0.06 Myanmar
59%
0.24 Cambodge
58%
0.16 Guinée
58%
0.39 Angola
57%
0.19 République centrafricaine
57%
0.38 Salvador
55%
0.28 Cameroun
53%
0.32 Zimbabwe
53%
0.17 Haïti
52%
0.21 Burkina Faso
51%
0.29 Djibouti
51%
0.20 Bahreïn
50%
0.19 Burundi
49%
0.46 Madagascar
49%
0.41 Bangladesh
48%
0.17 Guinée équatoriale
48%
0.15 Nicaragua
47%
0.22 Eswatini
46%
0.29 Comores
44%
0.16* Palestine
33%
0.40* Hong Kong
11%
Aucun quiz correspondant
Distribution des résultats
% des personnes avec chaque résultat
Percentile par nombre de réponses
Votre historique - résultats
Vous n’avez pas pris ce quiz